| Tag |
First Indicator |
Second Indicator |
Subfields |
| LEADER |
00000cam a2200000 i 4500 |
| 001 |
in00004409499 |
| 005 |
20210422111744.0 |
| 006 |
m fo d |
| 007 |
cr bn nnnauuuu |
| 008 |
161126m18641866ctuabcf o 001 0 eng d |
| 035 |
|
|
|a ccn00781869
|
| 040 |
|
|
|a NjRocCCS
|b eng
|e rda
|c NjRocCCS
|d UtOrBLW
|
| 043 |
|
|
|a n-us---
|
| 050 |
|
4 |
|a E468
|b .G74 1864
|
| 100 |
1 |
|
|a Greeley, Horace,
|d 1811-1872,
|e author.
|0 http://id.loc.gov/authorities/names/n80045878
|
| 245 |
1 |
4 |
|a The American conflict :
|b a history of the great rebellion in the United States of America, 1860-'64 : its causes, incidents, and results : intended to exhibit especially its moral and political phases, with the drift and progress of American opinion respecting human slavery from 1776 to the close of the war for the Union /
|c by Horace Greeley.
|
| 264 |
|
1 |
|a Hartford :
|b O.D. Case and Company ;
|a Chicago :
|b Geo. and C.W. Sherwood,
|c 1864-1866.
|
| 264 |
|
2 |
|a [Getzville, New York] :
|b William S. Hein and Company,
|c [2016]
|
| 300 |
|
|
|a 1 online resource (2 volumes, 20 unnumbered leaves of plates) :
|b illustrations, portraits, map.
|
| 336 |
|
|
|a text
|b txt
|2 rdacontent
|
| 337 |
|
|
|a computer
|b c
|2 rdamedia
|
| 338 |
|
|
|a online resource
|b cr
|2 rdacarrier
|
| 490 |
1 |
|
|a HeinOnline slavery in America and the world: history, culture & law
|
| 588 |
|
|
|a Description based on PDF title page, viewed November 26, 2016.
|
| 500 |
|
|
|a Volume II has subtitle: a history of the great rebellion in the United States of America, 1860-'65.
|
| 500 |
|
|
|a Includes index.
|
| 650 |
|
0 |
|a Slavery
|z United States.
|0 http://id.loc.gov/authorities/subjects/sh85123326
|
| 651 |
|
0 |
|a United States
|x History
|y Civil War, 1861-1865.
|0 http://id.loc.gov/authorities/subjects/sh85140205
|
| 651 |
|
0 |
|a United States
|x Politics and government
|y 1861-1865.
|0 http://id.loc.gov/authorities/subjects/sh85140441
|
| 655 |
|
7 |
|a Electronic books.
|2 local
|
| 776 |
0 |
8 |
|c Original
|w (DLC) 02008007
|
| 830 |
|
0 |
|a Slavery in America and the world: history, culture & law.
|
| 856 |
4 |
0 |
|u http://proxy.library.tamu.edu/login?url=https://www.heinonline.org/HOL/Index?index=slavery/amconf&collection=slavery
|z Connect to the full text of this electronic book
|t 0
|
| 949 |
|
|
|a E 468 .G74 1864
|w LC
|c 1
|i 781869-1001
|d 5/19/2017
|l MAIN
|m HEN
|q 1
|r Y
|s Y
|t WEB
|u 11/26/2016
|x ENG
|z N-US
|
| 999 |
f |
f |
|s a2f00160-ab69-3bc9-b05c-d495f7ed137d
|i 0d49567a-affe-3140-8299-04de2e8ac8db
|t 0
|
| 952 |
f |
f |
|a Texas A&M University
|b College Station
|c Electronic Resources
|d Available Online
|t 0
|e E468 .G74 1864
|h Library of Congress classification
|
| 998 |
f |
f |
|a E468 .G74 1864
|t 0
|l Available Online
|